| 000 | 00896nam a2200265 a 4500 | ||
|---|---|---|---|
| 001 | BRCA_8247 | ||
| 005 | 20190320210209.0 | ||
| 008 | 280514s1953----fr-a###f##---#000-0#fre-# | ||
| 041 | _afre | ||
| 044 | _afr | ||
| 050 | 4 |
_aND667 _b.M53 1953 |
|
| 100 | 1 |
_aMichel, Edouard _914052 |
|
| 245 | 1 | 0 |
_aCatalogue raisonné des peintures _bdu moyen-age, de la renaissance et des temps modernes: peintures flamandes du XVe et du XVIe siècle _cEdouard Michel. |
| 260 |
_aParis _bMusée Nationaux _c1953 |
||
| 300 |
_a1 v. (sin paginación) _bil., 161 láminas _c27 cm. |
||
| 440 | 0 |
_aMusèe national du Louvre _920574 |
|
| 500 | _aT87 | ||
| 650 | 1 | 4 |
_aPintura _vCatálogos _913336 |
| 650 | 1 | 4 |
_aPintura flamenca _ySiglos XVI _920575 |
| 650 | 1 | 4 |
_aPintura flamenca _ySiglos XVI _920575 |
| 650 | 1 | 4 |
_aPintura _vEdad Media _920576 |
| 650 | 1 | 4 |
_aPintura _vRenacimiento _920577 |
| 902 | _aGFM | ||
| 942 |
_2lcc _cB |
||
| 999 |
_c7915 _d7915 |
||